Decentralization and devolution of forest management in Asia and the Pacific

Bibliographic Details
Main Author: BANERJEE
Corporate Author: Food and Agriculture Organization of the United Nations (FAO)
Format: Book
Published: Rome : Food and Agriculture Organization of the United Nations , 1997
Series:Asia-Pacific forestry sector outlook study working paper series; no. APFSOS/WP/21
Subjects:

MARC

LEADER 00000cam a2200000 7i4500
001 0000002849
005 20040121.0
090 0 0 |a FAO634.92095   |b BAN 1997 
100 1 0 |a BANERJEE   |h Ajit Kumar 
245 1 0 |a Decentralization and devolution of forest management in Asia and the Pacific   |c by Ajit Kumar Banerjee 
260 0 0 |a Rome :   |b Food and Agriculture Organization of the United Nations ,   |c 1997 
300 |a 45 p. ;   |c 30 cm. 
440 0 0 |a Asia-Pacific forestry sector outlook study working paper series; no. APFSOS/WP/21 
500 0 0 |a Bibliography : p. 37-38 
650 0 0 |a Forest management   |z Asia 
650 0 0 |a Forest management   |z Pacific area 
650 0 0 |a Forests and forestry 
710 1 1 |a Food and Agriculture Organization of the United Nations (FAO) 
998 |a JPSM 
999 |a 0000004758   |b Monograph   |c Food and Agriculture Organization   |e Default branch 
999 |a 0000004759   |b Monograph   |c Food and Agriculture Organization   |e Default branch